00452 2200169 4500245006800000020002200068250001000090100003400100700001100134650001100145005001900156260005000175041001400225084001300239300002100252336000900273 aShalat Khusyu Seperti NabicAhmad bin Muhammad Al-HawwasyhText a978-979-266-755-5 aCet.1 aAhmad bin Muhammad Al-Hawwasy aSyahri aShalat a20240909100552 aSurabayabPenerbt La Raiba Bima AmantacCet.1 aIndonesia a297.3822 a290 hlm :c20 cm atext